000 00334nam a2200121Ia 4500
008 240731s9999 xx 000 0 und d
022 _a2169-3307
245 0 _aResilience : International Policies, Practices and Discourses
260 _bRoutledge
856 _uhttps://www.tandfonline.com/loi/resi20
942 _2ddc
942 _cTFEJ
999 _c79232
_d79232
945 _a1
_bMadushi Gamage
_c1
_dMadushi Gamage